Progress and archæology / (Record no. 68785)
[ view plain ]
| 000 -LEADER | |
|---|---|
| fixed length control field | 00921nam a2200301 a 4500 |
| 001 - CONTROL NUMBER | |
| control field | 68785 |
| 003 - CONTROL NUMBER IDENTIFIER | |
| rucl marc code | BD-RjUL |
| 005 - DATE AND TIME OF LATEST TRANSACTION | |
| control field | 20211209081817.0 |
| 008 - FIXED-LENGTH DATA ELEMENTS--GENERAL INFORMATION | |
| fixed length control field | 100405s1944 enk 001 0 eng d |
| 035 ## - SYSTEM CONTROL NUMBER | |
| System control number | (BD-RjUL)68996 |
| 040 ## - CATALOGING SOURCE | |
| Original cataloging agency | DLC |
| Transcribing agency | JHE |
| Modifying agency | OCL |
| -- | JHE |
| -- | NRC |
| -- | EQO |
| -- | BD-RjUL |
| Language of cataloging | eng |
| 041 ## - LANGUAGE CODE | |
| Language code of text/sound track or separate title | eng |
| 082 ## - DEWEY DECIMAL CLASSIFICATION NUMBER | |
| Classification number | 930.1 |
| Edition number | 23 |
| Author mark and year | CHP 1945 |
| 100 1# - MAIN ENTRY--PERSONAL NAME | |
| Personal name | Childe, V. Gordon |
| Fuller form of name | (Vere Gordon), |
| Dates associated with a name | 1892-1957. |
| 9 (RLIN) | 164873 |
| 245 10 - TITLE STATEMENT | |
| Title | Progress and archæology / |
| Statement of responsibility, etc. | by V. Gordon Childe |
| 260 ## - PUBLICATION, DISTRIBUTION, ETC. (IMPRINT) | |
| Place of publication, distribution, etc. | London : |
| Name of publisher, distributor, etc. | Watts, |
| Date of publication, distribution, etc. | 1944 [impression 1945] |
| 300 ## - PHYSICAL DESCRIPTION | |
| Pagination | 119 p. ; |
| Size | 17 cm |
| 490 1# - SERIES STATEMENT | |
| Series statement | Thinker's library ; |
| Volume/sequential designation | no. 102 |
| 500 ## - GENERAL NOTE | |
| General note | "First published 1944." |
| General note | Includes index |
| 650 #0 - SUBJECT ADDED ENTRY--TOPICAL TERM | |
| Topical term or geographic name as entry element | Archaeology |
| 9 (RLIN) | 203859 |
| Topical term or geographic name as entry element | Progress |
| 9 (RLIN) | 122223 |
| Topical term or geographic name as entry element | Civilization, Ancient |
| 9 (RLIN) | 151764 |
| Topical term or geographic name as entry element | Archaeology |
| 9 (RLIN) | 203859 |
| 830 #0 - SERIES ADDED ENTRY--UNIFORM TITLE | |
| Uniform title | Thinker's library ; |
| Volume number/sequential designation | no. 102 |
| 942 ## - ADDED ENTRY ELEMENTS (KOHA) | |
| Source of classification or shelving scheme | Dewey Decimal Classification |
| Koha item type | Books |
| Lost status | Source of classification or shelving scheme | Damaged status | Not for loan | Collection code | Permanent Location | Current Location | Shelving location | Date acquired | Source of acquisition | Cost, normal purchase price | Total Checkouts | Full call number | Date last seen | Copy number | Koha item type |
|---|---|---|---|---|---|---|---|---|---|---|---|---|---|---|---|
| Dewey Decimal Classification | Not For Loan | Non-fiction | Central Library, University of Rajshahi | Central Library, University of Rajshahi | Reading Room | 12/09/1990 | Showkat Osman | 0.00 | 930.1 CHP 1945 | 05/04/2017 | C-1 | Books |